000 00280nam a2200097Ia 4500
001 1285933
005 20260417163813.0
008 260417s9999 xx 000 0 und d
245 0 _aTÜRKİYE'Yİ GEZİYORUM 6 LEVENT ANTALYA'DA
_cMUSTAFA ORAKÇI
260 _bTİMAŞ ÇOCUK YAYINLARI
999 _c1285933
_d1285933